000 01244nam0a2200349 4500
001 RU\NLR\bibl\378459
005 20250622152643.0
010 _a5-17-015224-8
_95000
021 _aRU
_b2002-64579
_93139
035 _a(NLR Aleph) 000372898
090 _a406955
_c406955
100 _a20030220d2002 |||y0rusy50 ca
101 1 _arus
_ceng
102 _aRU
105 _ay |||||||||
200 1 _aДрагоценный груз
_e[Фантаст. роман]
_fДжо К. Фауст
_g[Пер. с англ. С. Молитвиной]
210 _aМ.
_cАСТ
_d2002
215 _a378,[1] с.
_d21
225 1 _aКоординаты чудес
_eКЧ
_eСоврем. фантастика
610 0 _aНаучно-фантастические романы и рассказы (х. л.)
675 _a821.111(73)-31Фауст
_v3
_zrus
686 _a17.82
_2rugasnti
686 _a84(7Сое)-44
_2rubbk
686 _aШ6(7США)67-445{Лх1979-62}
700 1 _aФауст
_bД. К.
_gДжо Клиффорд
_4070
801 0 _aRU
_bRKP
_c20030220
_gPSBO
801 1 _aRU
_bRKP
_c20030220
801 2 _aRU
_bNLR
_c20030402
_grcr
830 _aАвт. раскрыт по кн.
942 _cBOOK
980 _aNB